Algoritmizácia manipulačných procesov montážnych technologických pracovísk diskrétnej strojárskej výroby : Diplomová práca

Gespeichert in:
Bibliographische Detailangaben
1. Verfasser: Krajčírová, Dagmar (Verfasst von)
Format: Manuskript Buch
Sprache:Slowakisch
Veröffentlicht: Trnava : SVŠT v Bratislave StF KASRVP, 1989
Schlagworte:
Tags: Tag hinzufügen
Keine Tags, Fügen Sie das erste Tag hinzu!

MARC

LEADER 00000ntm a22000003a 4500
001 stu75739
005 20160719162703.6
008 020517s1989----cs------------------slo-d
040 |a STU  |b slo 
041 0 |a slo 
044 |a cs 
100 1 |a Krajčírová, Dagmar  |4 aut 
245 1 |a Algoritmizácia manipulačných procesov montážnych technologických pracovísk diskrétnej strojárskej výroby :  |b Diplomová práca 
260 |a Trnava :  |b SVŠT v Bratislave StF KASRVP,  |c 1989 
300 |a 60 s 
650 7 |a Procesy manipulačné  |2 stusub 
650 7 |a Pracoviská technologické  |2 stusub 
650 7 |a Systémy automatizované výrobné  |2 stusub 
700 1 |a Doskočil, Zdenko  |4 orm  |u M  |T MTF Materiálovotechnologická fakulta  |U M  |Y 60 
996 |b 284M041902  |c M*DP-1502  |l MMSKP  |s P  |a 0  |w stu75739_0001